000 01918pam a2200361 i 4500
001 768714001
003 CO-MdFUSB
005 20220630152538.0
007 ta
008 870912t2009 enk b 001 0 eng
020 _a0521285534
040 _aDLC
_beng
_cCO-MdFUSB
_dLML
_erda
041 _aeng
082 _223
_a296.109
_bM129
100 1 _aMaccoby, Hyam,
_d1924-2004.
_eautor
245 1 0 _aEarly rabbinic writings
_c/ Hyam Maccoby.
264 1 _aCambridge : Inglaterra :
_aNew York :
_bCambridge University Press,
_c[2009]
264 4 _c© 2009
300 _a245 páginas ;
_c23 cm.
336 _atexto
_btxt
_2rdacontent.
337 _asin mediación
_bn
_2rdamedia.
338 _avolumen
_bnc
_2rdacarrier.
490 1 _aCambridge commentaries on writings of the Jewish and Christian world, 200 BC to AD 200 ;
500 _aIncludes index.
504 _aBibliografía: páginas 234-235.
505 _aParte I: La literatura rabínica -- Introducción -- La Torá oral -- Canonicidad -- El estilo de los escritos rabínicos -- Fariseos y saduceos -- Fariseos y rabinos -- Antecedentes históricos -- Halakah y Haggadah -- Haggadah y Midrash -- Los Targums -- La Mishná -- La Tosephta -- La liturgia -- Los Midrashim -- Obras varias -- Las principales figuras rabínicas antes y después del 70 d.C. --Las principales ideas de la literatura rabínica temprana -- Parte II: Pasajes seleccionados -- La Mishná --La Tosefta -- Los Midrashim Tannaíticos -- Mekilta -- Sifra -- Sifre -- Pasajes tanaíticos en el Talmud (baraitas) -- Los Targums -- Liturgia -- Historia -- ¿ Megillat Ta'anit -- Seder 'Olam Rabbah -- Haggadic Midrashim -- Literatura mística.
563 _aRústico
650 7 _aLiteratura rabínica
_9331
830 0 _aCambridge commentaries on writings of the Jewish and Christian world, 200 BC to AD 200 ;
942 _cBK
945 _aJTF-925
999 _c67314
_d67314